| 000 | 00688cam a22002171 4500 | ||
|---|---|---|---|
| 001 | sa 64007506 | ||
| 003 | DLC | ||
| 005 | 20260227112047.0 | ||
| 008 | 920729s1962 io 000 0 ind | ||
| 010 | _asa 64007506 | ||
| 025 | _aPL480:Indo-738 | ||
| 035 | _a(OCoLC)26283850 | ||
| 040 |
_aDLC _cCU _dCU _dDLC |
||
| 042 | _apremarc | ||
| 050 | 0 | 0 |
_aDS644 _b.S8122 |
| 100 | 0 |
_aSoekarno, _d1901-1970. |
|
| 245 | 1 | 0 |
_aLahirnja pantja-sila ; _bpidato pertama jang diutjapkan pada tg. 1 Djuni 1945. _cDikutip dari penerbitan Departemen Penerangan, penerbitan chusus no. 153. |
| 260 |
_aDjakarta, _bBwaro Niaga, _c[cover 1962] |
||
| 300 |
_a32 p. _c21 cm. |
||
| 650 | 0 |
_aNationalism _zIndonesia. |
|
| 999 |
_c60300 _d60300 |
||